000 00279nam a22001337a 4500
008 170220b xxu||||| |||| 00| 0 eng d
020 _a9781496302847
041 _aeng
080 _28ED
_a61
100 _a4
101 _aSHM
245 _aMED MATH
_cS.BUCHHOLZ
942 _2udc
_cBK
999 _c5870
_d5870